000 00879nas a2200289 4500
001 BR0101476
003 BR-BrBNA
005 20231205102138.0
007 ta
008 230509b bl.|||p| |||| 00| 00por d
040 _aBR-BrBNA
_bpor
_cBiblioteca Nacional de Agricultura
041 _a(Pt)
072 _aF07; F08
100 1 _aGuarienti, E.M.
100 1 _aSantos, H.P. dos
100 1 _aLhamby, J.C.B.
245 1 _aInfluencia do manejo do solo e da rotacao de culturas na qualidade industrial do trigo
650 _aTrigo
650 _aPlantio Direto
650 _aManejo do Solo
650 _aCultivo Minimo
650 _aQualidade
650 _aRelacao Solo-Planta
773 0 _tPesquisa Agropecuaria Brasileira (Brazil)
_xISSN 0100-204X
_g(Dec 2000), v. 35(12) p. 2375-2382
_wBR0101476
909 _a202311
_bLúcia
_c55
_dLúcia Elande
942 _2AGRIS
_n0
_cANA
999 _c165980
_d165980